| 000 | 00000nam 2200000za 4500 |
| 001 | 9.646820 |
| 003 | CaOODSP |
| 005 | 20210615112547 |
| 007 | ta |
| 008 | 150407s1998 onc||||| f|0| 0 eng d |
| 020 | |a0-660-17404-9 |
| 040 | |aCaOODSP|beng |
| 043 | |an-cn--- |
| 086 | 1 |aA53-1646/1998E|zA53-1646/2002E |
| 245 | 04|aThe Canadian system of soil classification / |cSoil Classification Working Group. |
| 250 | |a3rd edition |
| 260 | |aOttawa : |bAgriculture and Agri-Food Canada, |cc1998. |
| 300 | |axiii, 187 p. : |bfigs. (some coloured), references, index ; |c28 cm. |
| 520 | 3 |aThis book outlines the current state of soil taxonomy in Canada. Major revisions to the previous edition include a tenth order of soil (Vertisolic), new subgroups, and revised, more uniform descriptions of subgroups. The book describes the history of soil classification in Canada, defines basic terms, and offers a complete key soils classification, with a chapter on each soil order. Other chapters examine criteria, soil phase, how the Canadian system relates to other systems, terminology, and soil mapping. |
| 563 | |aSoftcover |
| 590 | |a03-26|b2003-06-27 |
| 710 | 1 |aCanada. |bAgriculture and Agri-Food Canada. |bResearch Branch. |
| 775 | 08|tLe système canadien de classification des sols / |w(CaOODSP)9.680591 |
| 776 | 0#|tThe Canadian system of soil classification |w(CaOODSP)9.824884 |
| 986 | |aPublication 1646 |